000 00645nam a2200229 a 4500
003 MX-MxUPN
005 20250618152638.0
008 230919s2018 mx ||||fr|||| 000 0 spa d
020 _a9786079782177
040 _aMX-MxUPN
_bspa
_cMX-MxUPN
041 0 _aspa
050 1 4 _aPN45
_bM65 2018
100 1 _aMolina, Silvia,
_d1946-
_929354
245 1 3 _aLa literatura
250 _aPrimera edición.
260 _aCiudad de México :
_bSeminario de Cultura Mexicana,
_c2018.
300 _a69 páginas
650 4 _aLiteratura
_95741
902 _aFernandoJiménezSánchez
_bVíctor Ruiz/180625
942 _2lcc
_cLIBRO
_n0
999 _c210348
_d210348